| 000 | 01071cam a2200313 a 4500 | ||
|---|---|---|---|
| 001 | 3871202 | ||
| 003 | OSt | ||
| 005 | 20140310181629.0 | ||
| 008 | 890615s1989 ilu 001 0 eng | ||
| 010 | _a 89015110 | ||
| 020 | _a0838933629 (alk. paper) | ||
| 040 |
_aDLC _cDLC _dDLC |
||
| 050 | 0 | 0 |
_aZ694.15 _b.G671 1989 |
| 082 | 0 | 0 |
_aTR 025.32 _220 _bG68 1989 |
| 100 | 1 |
_aGorman, Michael, _d1941- |
|
| 245 | 1 | 4 |
_aThe concise AACR2, 1988 revision / _cprepared by Michael Gorman. |
| 260 |
_aChicago : _bAmerican Library Association, _cc1989. |
||
| 300 |
_a161 p. : _c23 cm. |
||
| 500 | _aIncludes index. | ||
| 520 | _a1. Anglo-American cataloging rules. 2. Descriptive cataloging--Rules. 3. Anglo-American cataloging rules (2nd ed., 1988 revision). | ||
| 521 | _aFaculty | ||
| 541 | _j1 | ||
| 562 | _e1 | ||
| 630 | 0 | 0 | _aAnglo-American cataloguing rules. |
| 650 | 0 |
_aDescriptive cataloging _xRules. |
|
| 730 | 0 | _aAnglo-American cataloging rules (2nd ed., 1988 revision) | |
| 906 |
_a7 _bcbc _corignew _d1 _eocip _f19 _gy-gencatlg |
||
| 942 |
_2lcc _cBK-TR _kTR |
||
| 999 |
_c438 _d438 |
||